Episodios de un diplomático / (Record no. 17376)

MARC details
000 -LEADER
campo de control de longitud fija 00792nam a22002535i 4500
001 - NÚMERO DE CONTROL
campo de control 17376
003 - IDENTIFICADOR DE NÚMERO DE CONTROL
campo de control ES-MaACL
005 - FECHA Y HORA DE LA ÚLTIMA TRANSACCIÓN
campo de control 20230906151551.0
007 - CAMPO FIJO DE DESCRIPCIÓN FÍSICA--INFORMACIÓN GENERAL
campo de control de longitud fija t|
008 - DATOS DE LONGITUD FIJA--INFORMACIÓN GENERAL
campo de control de longitud fija 010226s2000 sp ||||1| spa d
020 ## - NÚMERO INTERNACIONAL ESTÁNDAR DEL LIBRO
Número Internacional Estándar del Libro 84-87528-11-2
080 ## - NÚMERO DE LA CLASIFICACIÓN DECIMAL UNIVERSAL
Número de la Clasificación Decimal Universal 327(460)"1955/75"
080 ## - NÚMERO DE LA CLASIFICACIÓN DECIMAL UNIVERSAL
Número de la Clasificación Decimal Universal 327(460)"1975/..."
100 1# - ENTRADA PRINCIPAL--NOMBRE DE PERSONA
Nombre de persona Piniés y Rubio, Jaime de.
9 (RLIN) 92132
245 10 - MENCIÓN DEL TÍTULO
Título Episodios de un diplomático /
Mención de responsabilidad, etc. Jaime de Piniés y Rubio.
260 ## - PUBLICACIÓN, DISTRIBUCIÓN, ETC.
Lugar de publicación, distribución, etc. Burgos :
Nombre del editor, distribuidor, etc. Dossoles,
Fecha de publicación, distribución, etc. 2000.
300 ## - DESCRIPCIÓN FÍSICA
Extensión 447 p. :
Otras características físicas il. ;
Dimensiones 24 cm.
490 1# - MENCIÓN DE SERIE
Mención de serie La valija diplomática
651 ## - PUNTO DE ACCESO ADICIONAL DE MATERIA--NOMBRE GEOGRÁFICO
Nombre geográfico España-
Subdivisión general Política exterior-
Subdivisión cronológica 1939-1975.
9 (RLIN) 8425
651 ## - PUNTO DE ACCESO ADICIONAL DE MATERIA--NOMBRE GEOGRÁFICO
Nombre geográfico España-
Subdivisión general Política exterior-
Subdivisión cronológica 1975-1982.
9 (RLIN) 171863
830 0# - PUNTO DE ACCESO ADICIONAL DE SERIE-TÍTULO UNIFORME
Título uniforme La valija diplomática
9 (RLIN) 188811
852 ## - LOCALIZACIÓN
Ubicación ES-MaACL
Número de control de estantería L-24285
Sublocalización o colección R.129030
Holdings
Estatus retirado Estado de pérdida Estado de daño No para préstamo Biblioteca de origen Biblioteca actual Ubicación en estantería Fecha de adquisición Fuente de adquisición Total de préstamos Signatura topográfica completa Código de barras Visto por última vez Precio de reemplazo Tipo de ítem Koha
        Biblioteca del Ateneo de Madrid Biblioteca del Ateneo de Madrid Depósito 2 17/01/2008     L-24285 1017729 23/02/2023 23/02/2023 Libro impreso